Price situation.

Bibliographic Details
Corporate Author: United States. Bureau of Agricultural Economics
Format: Government Document eBook
Language:English
Published: [Washington] : [publisher not identified], 1931.
Subjects:
Online Access:Connect to the full text of this electronic document

MARC

Tag First Indicator Second Indicator Subfields
LEADER 00000cam a22000001a 4500
001 in00003791021
005 20190408184857.0
006 m o d f
007 cr bn mmmapmmp
008 141211s1931 dcu o f000 0 eng d
035 |a ebd1910512699 
040 |a UMI  |c UMI  |d UtOrBLW 
086 0 |a A 36.28:931/1 
099 |a A36.28-5 
110 1 |a United States.  |b Bureau of Agricultural Economics.  |0 http://id.loc.gov/authorities/names/n80060900 
245 1 0 |a Price situation. 
264 1 |a [Washington] :  |b [publisher not identified],  |c 1931. 
300 |a 1 online resource (6-22+illus. pages) 
336 |a text  |b txt  |2 rdacontent 
337 |a computer  |b c  |2 rdamedia 
338 |a online resource  |b cr  |2 rdacarrier 
500 |a Monthly report on agricultural prices, market conditions, outlook for selected commodities, and overall economic conditions. Some reports include data on prices, by selected commodity. Beginning in Jan. 1931, reports also include summary economic data. 
533 |a Electronic reproduction.  |b [Bethesda, Md.] :  |c ProQuest,  |d 2014.  |e digital, PDF file.  |n ProQuest U.S. Executive Branch Documents  |n Mode of access: World Wide Web via ProQuest website. 
588 |a Record is based on online resource; title from PDF title page (ProQuest, last viewed Dec. 2014). Reuse except for individual research requires license from ProQuest, LLC. 
500 |a Electronic resource. 
650 0 |a Agricultural prices.  |0 http://id.loc.gov/authorities/subjects/sh85002394 
650 0 |a Animal industry.  |0 http://id.loc.gov/authorities/subjects/sh85005199 
650 0 |a Dairy products industry.  |0 http://id.loc.gov/authorities/subjects/sh85035460 
650 0 |a Wool.  |0 http://id.loc.gov/authorities/subjects/sh85148044 
655 7 |a Electronic books.  |2 local 
856 4 0 |u http://proxy.library.tamu.edu/login?url=http://congressional.proquest.com/congressional/docview/t66.d71.a36.28-5  |z Connect to the full text of this electronic document  |t 0 
999 f f |s b561e691-9e03-3407-a2c8-908894df3972  |i 7a95f0b9-6e19-3213-8945-9425b903b7a4  |t 0 
952 f f |a Texas A&M University  |b College Station  |c Electronic Resources  |d Available Online  |t 0  |h No information provided 
998 f f |t 0  |l Available Online